International trade in health services and the GATS current issues and debates
Salvato in:
| Altri autori: | , , |
|---|---|
| Natura: | Libro |
| Lingua: | inglese |
| Pubblicazione: |
Washington, D.C.
<The> World Bank
2006
|
| Serie: | Trade and development series
|
| Soggetti: | |
| Tags: |
Nessun Tag, puoi essere il primo ad aggiungerne!!
|
MARC
| LEADER | 00000nam$a2200000$$$4500 | ||
|---|---|---|---|
| 001 | 0040214 | ||
| 005 | 20240104135328.5 | ||
| 020 | |a 0-8213-6211-9 | ||
| 041 | 0 | |a eng | |
| 044 | |a US | ||
| 245 | 1 | 0 | |a International trade in health services and the GATS |b current issues and debates |c Edited by: Chantal Blouin, Nick Drager, and Richard Smith |
| 264 | 1 | |a Washington, D.C. |b <The> World Bank |c 2006 | |
| 300 | |a 312 s. | ||
| 490 | 1 | |a Trade and development series | |
| 830 | 0 | |a Trade and development series | |
| 610 | 2 | 0 | |a obchod medzinárodný |
| 610 | 2 | 0 | |a zdravotníctvo |
| 610 | 2 | 0 | |a služby |
| 610 | 2 | 0 | |a krajiny rozvojové |
| 610 | 2 | 0 | |a dohody medzinárodné |
| 610 | 2 | 0 | |a vyjednávanie |
| 610 | 2 | 0 | |a záväzky |
| 610 | 2 | 0 | |a ochrana zdravia |
| 700 | 1 | |a Blouin, Chantal | |
| 700 | 1 | |a Drager, Nick | |
| 700 | 1 | |a Smith, Richard | |